00605nam a2200169Ia 4500008004100000020001800041041000800059082001600067100001900083245009600102250000600198260006100204300001400265650000900279999001900288952012800307210716s2007 xx 000 0 und d a9780070659490 aeng a005.14 JONC aJones, Capers. aEstimating software costs: bringing realism to estimating.bBringing realism to estimating. a2 aNew DelhibTata McGraw Hill Publishing Company Ltdc2007 axxvii,653 aNone c189086d189086 001040708MCAaAIMITbAIMITeAthulya Booksg525.00l0o005.14 JONCpMCA08594r2026-05-23 00:00:00v409.50w2021-07-16yBK